Statistics for Least Populated County by State

Click here to take the quiz!

General Stats

  • This quiz has been taken 12 times
  • The average score is 15 of 50

Answer Stats

PopulationStateAnswer% Correct
181,851DelawareKent
71%
19,198MarylandKent
71%
50,793Rhode IslandBristol
57%
31,268New HamsphireCoos
57%
64TexasLoving
57%
116,418ConnecticutWindham
57%
4,547PennsylvaniaCameron
43%
5,920VermontEssex
43%
9,563ArizonaGreenlee
43%
5,107New YorkHamilton
43%
82HawaiiKalawao
43%
7,974FloridaLiberty
43%
14,255MassachusettsNantucket
43%
2,467WyomingNiobrara
43%
5,940IndianaOhio
43%
64,837New JerseySalem
43%
705ColoradoSan Juan
43%
3,704IowaAdams
29%
8,039South CarolinaAllendale
29%
4,739ArkansasCalhoun
29%
2,296OklahomaCimarron
29%
729NevadaEsmeralda
29%
2,286WashingtonGarfield
29%
7,730AlabamaGreene
29%
3,649IllinoisHardin
29%
4,255WisconsinMenominee
29%
496MontanaPetroleum
29%
16,800MainePiscataquis
29%
4,147LouisianaTensas
29%
3,360MinnesotaTraverse
29%
12,800OhioVinton
29%
662AlaskaYakutat
29%
1,204CaliforniaAlpine
14%
790IdahoClark
14%
935UtahDaggett
14%
1,284KansasGreeley
14%
657New MexicoHarding
14%
2,232VirginiaHighland
14%
1,338MississippiIssaquena
14%
917South DakotaJones
14%
2,046MichiganKeweenaw
14%
399NebraskaMcPherson
14%
5,001TennesseePickett
14%
2,193KentuckyRobertson
14%
706North DakotaSlope
14%
1,559GeorgiaTaliaferro
14%
3,245North CarolinaTyrrell
14%
5,194West VirginiaWirt
14%
1,973MissouriWorth
14%
1,451OregonWheeler
0%

Score Distribution

Percentile by Number Answered

Percent of People with Each Score

Your Score History

You have not taken this quiz